[Event "Montcada op"]
[Site "Montcada i Reixac"]
[Date "2014.06.28"]
[Round "4"]
[White "Teh, EWA."]
[Black "Cuartas Medina, JA."]
[Result "0-1"]
[WhiteElo "2228"]
[BlackElo "2483"]
[PlyCount "60"]
[EventDate "2014.06.25"]
[EventType "swiss"]
[EventRounds "9"]
[EventCountry "ESP"]
[Source "Chessbase"]
[SourceDate "2014.07.11"]

1. d4 d5 2. c4 e5 3. dxe5 d4 4. Nf3 Nc6 5. g3 Nge7 6. Bg2 Ng6 7. Bg5 Qd7 8. O-O
Ngxe5 9. Nbd2 Nxf3+ 10. Nxf3 Bc5 11. Ne1 Ne5 12. Bf4 Ng6 13. Nd3 Bd6 14. Bxd6
Qxd6 15. c5 Qf6 16. Nb4 O-O 17. Nd5 Qd8 18. c6 Rb8 19. Qd2 bxc6 20. Nb4 Bb7 21.
Rac1 Ne5 22. Rfd1 a5 23. Nxc6 Bxc6 24. Bxc6 Qf6 25. Bg2 d3 26. exd3 Rxb2 27.
Rc2 Rfb8 28. d4 Nc4 29. Qe2 Rxc2 30. Qxc2 Rb2 0-1

[Event "Sant Marti op A"]
[Site "Barcelona"]
[Date "2014.07.14"]
[Round "2"]
[White "Martinez Romero, M."]
[Black "Grigoryan, KH."]
[Result "1/2-1/2"]
[WhiteElo "2401"]
[BlackElo "2592"]
[PlyCount "68"]
[EventDate "2014.07.??"]
[EventType "swiss"]
[EventRounds "9"]
[EventCountry "ESP"]
[Source "Chessbase"]
[SourceDate "2014.07.26"]

1. e4 c5 2. Nf3 d6 3. d4 cxd4 4. Nxd4 Nf6 5. Nc3 a6 6. Bc4 e6 7. O-O Nc6 8. Bb3
Be7 9. Be3 O-O 10. f4 Nxd4 11. Bxd4 b5 12. e5 dxe5 13. fxe5 Ne8 14. Qg4 b4 15.
Na4 Rb8 16. Rad1 Qc7 17. Kh1 g6 18. c3 Ng7 19. Rc1 Qa5 20. cxb4 Rxb4 21. Qd1
Rb5 22. Nc3 Rxe5 23. Bxe5 Qxe5 24. Re1 Qb8 25. Ne4 Nf5 26. Qc2 Bh4 27. Qc3 Bb7
28. Nf6+ Bxf6 29. Qxf6 Qf4 30. Qe5 Qg5 31. Rc2 h5 32. Kg1 h4 33. h3 Rd8 34.
Bxe6 fxe6 1/2-1/2

[Event "Sant Marti op A"]
[Site "Barcelona"]
[Date "2014.07.14"]
[Round "2"]
[White "Peralta, F."]
[Black "Aloma Vidal, R."]
[Result "1-0"]
[WhiteElo "2596"]
[BlackElo "2406"]
[PlyCount "193"]
[EventDate "2014.07.??"]
[EventType "swiss"]
[EventRounds "9"]
[EventCountry "ESP"]
[Source "Chessbase"]
[SourceDate "2014.07.26"]

1. d4 Nf6 2. c4 e6 3. Nc3 Bb4 4. e3 O-O 5. Nf3 d5 6. a3 Bxc3+ 7. bxc3 c5 8. Bb2
b6 9. Bd3 dxc4 10. Bxc4 Qc7 11. Bd3 Bb7 12. O-O Nbd7 13. c4 cxd4 14. exd4 Qf4
15. a4 Be4 16. Be2 Rac8 17. Qd2 Qc7 18. Rfc1 Bxf3 19. Bxf3 e5 20. a5 Rfe8 21.
axb6 axb6 22. d5 Nc5 23. Qe3 Nfd7 24. Be2 Ra8 25. Ra3 Rxa3 26. Qxa3 Qd6 27. Ra1
Qg6 28. Bf1 Qf5 29. Qe3 h6 30. Ra7 Qb1 31. Ba3 Qc2 32. h4 Qd1 33. g3 e4 34. Kg2
Nf6 35. Be2 Qc2 36. g4 Nfd7 37. Bf1 Ne5 38. Qe2 Qb1 39. Qb2 Qxb2 40. Bxb2 Nxg4
41. Kg3 h5 42. Be2 e3 43. f3 Nf2 44. Bd4 Nfd3 45. Kg2 Nf4+ 46. Kf1 Ng6 47. Ra3
Nxh4 48. Bxe3 Nf5 49. Bxc5 bxc5 50. Kf2 g5 51. Bd3 Nd4 52. Ra5 Rc8 53. d6 Kg7
54. d7 Rd8 55. Rxc5 Rxd7 56. Rxg5+ Kf6 57. Rxh5 Ne6 58. Rf5+ Ke7 59. Be4 Nd4
60. Ra5 Rc7 61. Bd5 Nb3 62. Rb5 Nd4 63. Rb6 Nf5 64. Ke2 Nd6 65. Kd3 Rc8 66. Kd4
Rc7 67. Ra6 Nf5+ 68. Kd3 Nd6 69. Ra5 Ne8 70. c5 Nf6 71. Ba8 Ke6 72. Kc4 Nd7 73.
Bd5+ Ke7 74. Kd4 Nf6 75. Ba8 Nd7 76. Be4 Nf6 77. Bf5 Ne8 78. Ke5 Ng7 79. Be4
Ne6 80. c6 Nd8 81. Ra6 Ne6 82. Kd5 Rc8 83. Ra7+ Rc7 84. Ra6 Rc8 85. Ra7+ Rc7
86. Ra8 Ng7 87. Kc5 Ne6+ 88. Kb6 Kd6 89. Ra5 Ke7 90. Bf5 Kd6 91. Be4 Ke7 92. f4
Rc8 93. f5 Ng5 94. Kb7 Rh8 95. Bg2 f6 96. c7 Nf7 97. Rd5 1-0

[Event "Sant Marti op A"]
[Site "Barcelona"]
[Date "2014.07.21"]
[Round "9"]
[White "Dalo, H."]
[Black "Ruhlmann, H."]
[Result "1-0"]
[WhiteElo "2226"]
[BlackElo "1867"]
[PlyCount "141"]
[EventDate "2014.07.??"]
[EventType "swiss"]
[EventRounds "9"]
[EventCountry "ESP"]
[Source "Chessbase"]
[SourceDate "2014.07.26"]

1. d4 d5 2. c4 e6 3. Nc3 Be7 4. cxd5 exd5 5. Bf4 c6 6. Qc2 Nf6 7. e3 Nbd7 8. h3
O-O 9. Bd3 Re8 10. Nf3 Nf8 11. O-O Ng6 12. Bh2 Bd6 13. Bxd6 Qxd6 14. Rab1 Qe7
15. b4 a6 16. Na4 Ne4 17. Nb6 Rb8 18. a4 Qc7 19. Nxd5 Qd6 20. Nc3 Nf6 21. Ne4
Nxe4 22. Bxe4 Be6 23. Ng5 Bd5 24. Bxg6 hxg6 25. e4 Be6 26. Nxe6 Qxe6 27. Rfe1
Rbd8 28. Rbd1 Qd6 29. Qc5 Qf4 30. Qc2 Qd6 31. Qc3 Qf6 32. g3 Qe6 33. Kg2 Qa2
34. Ra1 Qe6 35. Qc5 Qf6 36. Rad1 Kh8 37. h4 Kg8 38. Qg5 Qd6 39. h5 gxh5 40.
Qxh5 Re6 41. Rh1 Rh6 42. Qc5 Rxh1 43. Qxd6 Rxd6 44. Kxh1 Kf8 45. Kg2 Ke7 46.
Kf3 Ke6 47. Ke3 Rd8 48. Rh1 a5 49. Rb1 axb4 50. Rxb4 Rb8 51. Rb6 Kd7 52. e5 Kc7
53. Rb4 Rh8 54. f4 Rh1 55. Kf3 Ra1 56. Kg4 Ra3 57. f5 Re3 58. Kf4 Re1 59. Kg5
Re4 60. f6 gxf6+ 61. Kxf6 c5 62. Rc4 b6 63. Kxf7 Rxd4 64. Rc3 Rxa4 65. e6 Ra2
66. Rf3 Rh2 67. e7 Rh7+ 68. Ke6 Rh6+ 69. Rf6 Rh8 70. Rf8 Rh6+ 71. Kd5 1-0

[Event "Torredembarra op"]
[Site "Torredembarra"]
[Date "2014.07.05"]
[Round "1"]
[White "Alarcon Casellas, R."]
[Black "Lluverol Torrents, S."]
[Result "1-0"]
[WhiteElo "2378"]
[BlackElo "1969"]
[PlyCount "81"]
[EventDate "2014.07.05"]
[EventType "swiss"]
[EventRounds "9"]
[EventCountry "ESP"]
[Source "Chessbase"]
[SourceDate "2014.07.18"]

1. d4 d5 2. Nf3 Nf6 3. Bf4 c6 4. e3 Qb6 5. b3 Bf5 6. Bd3 e6 7. Bxf5 exf5 8. O-O
Nbd7 9. c4 Be7 10. Ne5 O-O 11. Nxd7 Nxd7 12. Qd3 g6 13. cxd5 cxd5 14. Nc3 Nf6
15. Bg5 Rfd8 16. Rac1 a6 17. Na4 Qa5 18. Nc5 Qb6 19. Rc2 Kg7 20. Rfc1 Rac8 21.
h3 Rc6 22. Na4 Rxc2 23. Qxc2 Qe6 24. Qc7 Rd7 25. Bxf6+ Kxf6 26. Qb8 Kg7 27. Rc8
Kh6 28. Re8 Qd6 29. Qxd6 Bxd6 30. Nb6 Rc7 31. g3 Rc1+ 32. Kg2 Rc2 33. Nxd5 Rxa2
34. Rd8 Ba3 35. Rd7 Kg7 36. Rxb7 Bc1 37. h4 Bd2 38. Kf1 Ba5 39. b4 Bd8 40. Rd7
Bf6 41. Rd6 1-0

[Event "Torredembarra op"]
[Site "Torredembarra"]
[Date "2014.07.05"]
[Round "1"]
[White "Guasch Murtra, JM."]
[Black "Burg, T."]
[Result "0-1"]
[WhiteElo "1991"]
[BlackElo "2508"]
[PlyCount "38"]
[EventDate "2014.07.05"]
[EventType "swiss"]
[EventRounds "9"]
[EventCountry "ESP"]
[Source "Chessbase"]
[SourceDate "2014.07.18"]

1. d4 Nf6 2. c4 e6 3. Nf3 Bb4+ 4. Bd2 c5 5. a3 Bxd2+ 6. Nbxd2 cxd4 7. Nxd4 O-O
8. e3 d6 9. g4 Nc6 10. g5 Ne8 11. Nxc6 bxc6 12. Qh5 Rb8 13. Rb1 e5 14. Bd3 g6
15. Qh4 d5 16. Qg3 dxc4 17. Bxc4 Nd6 18. Qxe5 Nxc4 19. Nxc4 Qd3 0-1

[Event "Torredembarra op"]
[Site "Torredembarra"]
[Date "2014.07.05"]
[Round "1"]
[White "Perez Mitjans, O."]
[Black "Aranzana Areste, A."]
[Result "1-0"]
[WhiteElo "2414"]
[BlackElo "1990"]
[PlyCount "49"]
[EventDate "2014.07.05"]
[EventType "swiss"]
[EventRounds "9"]
[EventCountry "ESP"]
[Source "Chessbase"]
[SourceDate "2014.07.18"]

1. e4 e6 2. d4 d5 3. e5 c5 4. dxc5 Bxc5 5. Qg4 Kf8 6. Nf3 h5 7. Qf4 Nh6 8. Bd3
Kg8 9. O-O b6 10. Nc3 Ba6 11. Nb5 Nc6 12. Bd2 Rc8 13. Nxa7 Bxd3 14. Nxc6 Rxc6
15. cxd3 Nf5 16. Rfc1 Qc8 17. Qa4 Rc7 18. d4 Be7 19. Rxc7 Qxc7 20. Qe8+ Bf8 21.
Bb4 Kh7 22. Bxf8 Qc2 23. Qxf7 Qxb2 24. Rf1 Qxa2 25. Bxg7 1-0

[Event "Torredembarra op"]
[Site "Torredembarra"]
[Date "2014.07.05"]
[Round "1"]
[White "Salvador Duch, JM."]
[Black "Gonzalez Rodriguez, JA."]
[Result "0-1"]
[WhiteElo "1977"]
[BlackElo "2385"]
[PlyCount "72"]
[EventDate "2014.07.05"]
[EventType "swiss"]
[EventRounds "9"]
[EventCountry "ESP"]
[Source "Chessbase"]
[SourceDate "2014.07.18"]

1. d4 Nf6 2. c4 e6 3. Nc3 Bb4 4. Qc2 d5 5. a3 Bxc3+ 6. bxc3 Nbd7 7. e3 O-O 8.
Bd3 c5 9. Nf3 Qc7 10. O-O b6 11. cxd5 c4 12. Be2 exd5 13. a4 Re8 14. Nd2 Bb7
15. Re1 Re6 16. Bf3 Rae8 17. Ba3 g6 18. Bb4 Kg7 19. Ra2 h5 20. Qd1 Nh7 21. h4
f5 22. a5 b5 23. Nf1 a6 24. Rae2 Qd8 25. g3 Nb8 26. Qa1 Nc6 27. Nd2 Nxb4 28.
cxb4 Nf6 29. Nb1 Ne4 30. Nc3 g5 31. Nxe4 fxe4 32. Bxh5 Rh8 33. Bg4 Reh6 34. h5
Qe8 35. f3 Rxh5 36. Bxh5 Qxh5 0-1

[Event "Torredembarra op"]
[Site "Torredembarra"]
[Date "2014.07.06"]
[Round "2"]
[White "Benet Morant, D."]
[Black "Alarcon Casellas, R."]
[Result "1/2-1/2"]
[WhiteElo "2048"]
[BlackElo "2378"]
[PlyCount "165"]
[EventDate "2014.07.05"]
[EventType "swiss"]
[EventRounds "9"]
[EventCountry "ESP"]
[Source "Chessbase"]
[SourceDate "2014.07.18"]

1. d4 e6 2. c4 Nf6 3. g3 d5 4. Nf3 dxc4 5. Qa4+ Bd7 6. Qxc4 Bc6 7. Bg2 Be7 8.
O-O O-O 9. Rd1 a6 10. Bf4 Nbd7 11. Qc2 Nb8 12. Qc4 Nbd7 13. Qc2 Bd6 14. Qc1 Qe7
15. Nc3 Rac8 16. Re1 Bb4 17. a3 Bxc3 18. bxc3 Be4 19. Qe3 h6 20. g4 Bc6 21. h3
Rfe8 22. c4 b5 23. d5 Ba8 24. dxe6 fxe6 25. g5 hxg5 26. Bxg5 bxc4 27. Qd4 Qf7
28. Qxc4 Ne4 29. Rad1 Ne5 30. Qc1 Nxf3+ 31. Bxf3 Nxg5 32. Qxg5 Bxf3 33. exf3 c5
34. Rc1 Qxf3 35. Re3 Qf7 36. Rxc5 Rf8 37. f3 Rb8 38. Rc2 Rb5 39. Qg3 Qa7 40.
Rce2 Rbf5 41. Kh2 Qb7 42. Rf2 R8f6 43. Rd3 Kh7 44. Qg4 Qc7+ 45. Qg3 Qf7 46. Rd4
Rxf3 47. Rh4+ Kg8 48. Qb8+ Qf8 49. Qxf8+ Rxf8 50. Rxf3 Rxf3 51. Ra4 Kf7 52. Kg2
Rb3 53. Rxa6 Kf6 54. Ra8 Rb2+ 55. Kg3 Ra2 56. a4 Kg5 57. a5 Ra3+ 58. Kg2 Kf4
59. Rf8+ Ke4 60. Ra8 e5 61. a6 Kf4 62. Rf8+ Ke4 63. Ra8 Ke3 64. a7 e4 65. Kg3
Ke2+ 66. Kf4 e3 67. Re8 g5+ 68. Kxg5 Rxa7 69. h4 Ra5+ 70. Kg6 Ra6+ 71. Kg5 Ra1
72. h5 Rg1+ 73. Kf6 Rh1 74. Kg6 Rg1+ 75. Kf6 Rf1+ 76. Kg6 Rg1+ 77. Kf6 Rh1 78.
Kg6 Kf2 79. h6 e2 80. h7 e1=Q 81. Rxe1 Kxe1 82. Kg7 Rg1+ 83. Kh8 1/2-1/2

[Event "Torredembarra op"]
[Site "Torredembarra"]
[Date "2014.07.06"]
[Round "2"]
[White "Burg, T."]
[Black "Midonet, M."]
[Result "1-0"]
[WhiteElo "2508"]
[BlackElo "2161"]
[PlyCount "97"]
[EventDate "2014.07.05"]
[EventType "swiss"]
[EventRounds "9"]
[EventCountry "ESP"]
[Source "Chessbase"]
[SourceDate "2014.07.18"]

1. d4 Nf6 2. Nf3 e6 3. e3 d5 4. Bd3 c5 5. b3 cxd4 6. exd4 Bb4+ 7. c3 Bd6 8. O-O
Nc6 9. Qe2 Qc7 10. Re1 O-O 11. Nbd2 Ne7 12. Bb2 Ng6 13. g3 b6 14. Ne5 Bb7 15.
h4 Rfd8 16. f4 Ne7 17. h5 Nf5 18. Kh2 Bf8 19. Rac1 Nd6 20. c4 Qe7 21. c5 Nde4
22. c6 Bc8 23. c7 Re8 24. Bb5 Bb7 25. Bxe8 Nxe8 26. Nxe4 dxe4 27. c8=N Rxc8 28.
Rxc8 Bxc8 29. Qxe4 Bb7 30. Qe2 Qd6 31. d5 Bxd5 32. h6 g6 33. Ng4 f5 34. Ne3 Be4
35. Rd1 Qe7 36. Qb5 Nd6 37. Qb4 g5 38. Be5 Nf7 39. Qxe7 Bxe7 40. Rd7 Bc5 41.
Nc4 Nxe5 42. Rg7+ Kf8 43. Nxe5 gxf4 44. Nd7+ Ke8 45. Nxc5 fxg3+ 46. Kxg3 bxc5
47. Kf4 a5 48. Rxh7 Bb1 49. Ra7 1-0

[Event "Torredembarra op"]
[Site "Torredembarra"]
[Date "2014.07.06"]
[Round "2"]
[White "Gonzalez Rodriguez, JA."]
[Black "Ruiz Font, E."]
[Result "1-0"]
[WhiteElo "2385"]
[BlackElo "2063"]
[PlyCount "147"]
[EventDate "2014.07.05"]
[EventType "swiss"]
[EventRounds "9"]
[EventCountry "ESP"]
[Source "Chessbase"]
[SourceDate "2014.07.18"]

1. e4 e5 2. Nf3 Nc6 3. Bb5 a6 4. Bxc6 dxc6 5. O-O Bg4 6. h3 Bh5 7. g4 Bg6 8.
Nxe5 Qh4 9. Qf3 O-O-O 10. d3 f6 11. Nxg6 hxg6 12. Kg2 g5 13. Rh1 Kb8 14. Nd2
Ne7 15. Qe2 Ng6 16. Nf3 Qh7 17. Be3 Bd6 18. Rab1 Qg8 19. c4 Bf4 20. b4 Qe6 21.
b5 cxb5 22. cxb5 a5 23. Nd4 Rxd4 24. Bxd4 Rd8 25. Be3 b6 26. Rhc1 Qd6 27. Rc6
Qxd3 28. Qxd3 Rxd3 29. Rbc1 Be5 30. Kf1 Nf4 31. Bxf4 Bxf4 32. R1c3 Rd1+ 33. Kg2
Rd2 34. Rc2 Rd4 35. R6c4 Rd3 36. R2c3 Rd2 37. a4 Be5 38. Rc2 Rd3 39. Rc1 Rd2
40. Rc6 Bd6 41. Kf3 Rd3+ 42. Kg2 Rd2 43. R1c2 Rd4 44. R6c4 Rd3 45. R2c3 Rd2 46.
Rf3 Be5 47. Kf1 Bf4 48. h4 Rd1+ 49. Kg2 Rd2 50. Rxf4 gxf4 51. h5 Rd3 52. e5
fxe5 53. Re4 Rd5 54. g5 Kc8 55. Kf3 Kd7 56. Rc4 Rd3+ 57. Ke4 Rh3 58. Kxe5 Rxh5
59. Kf5 Rh2 60. Rxf4 c6 61. Kg6 cxb5 62. axb5 Rg2 63. Rd4+ Ke6 64. f4 Rb2 65.
Re4+ Kd6 66. Kxg7 Rxb5 67. Kf6 Rb4 68. Re6+ Kd7 69. f5 a4 70. g6 a3 71. g7 a2
72. Re7+ Kd6 73. Ra7 Rg4 74. Rxa2 1-0

[Event "Torredembarra op"]
[Site "Torredembarra"]
[Date "2014.07.06"]
[Round "2"]
[White "Juberias Segura, S."]
[Black "Perez Mitjans, O."]
[Result "0-1"]
[WhiteElo "2050"]
[BlackElo "2414"]
[PlyCount "36"]
[EventDate "2014.07.05"]
[EventType "swiss"]
[EventRounds "9"]
[EventCountry "ESP"]
[Source "Chessbase"]
[SourceDate "2014.07.18"]

1. c4 e5 2. g3 Nc6 3. Bg2 Bc5 4. a3 a6 5. e3 d6 6. Ne2 Nf6 7. Nbc3 O-O 8. O-O
Ba7 9. b4 Be6 10. Nd5 Ne8 11. Bb2 Qd7 12. f4 f5 13. b5 axb5 14. cxb5 Na5 15.
Qa4 e4 16. Nec3 c6 17. b6 Bb8 18. Nb4 Bb3 0-1

[Event "Torredembarra op"]
[Site "Torredembarra"]
[Date "2014.07.06"]
[Round "2"]
[White "Pogorelov, R."]
[Black "Sanchez Bernardino, MA."]
[Result "0-1"]
[WhiteElo "2350"]
[BlackElo "2043"]
[PlyCount "65"]
[EventDate "2014.07.05"]
[EventType "swiss"]
[EventRounds "9"]
[EventCountry "ESP"]
[Source "Chessbase"]
[SourceDate "2014.07.18"]

1. Nf3 d5 2. d4 Nf6 3. c4 c6 4. Nc3 dxc4 5. a4 Bf5 6. Ne5 Nbd7 7. Nxc4 Qc7 8.
g3 e5 9. dxe5 Nxe5 10. Bf4 Nfd7 11. Bg2 f6 12. Ne3 Be6 13. O-O Nc5 14. b4 Rd8
15. Qc2 Na6 16. b5 Nb4 17. Qe4 Bc5 18. bxc6 bxc6 19. Nc2 Bd5 20. Nxd5 cxd5 21.
Qf5 Nxc2 22. Bxe5 fxe5 23. Qe6+ Kf8 24. Qf5+ Ke7 25. Rad1 Nb4 26. Rc1 g6 27.
Qg5+ Kf7 28. Rc3 Qe7 29. Qh6 e4 30. Bh3 Bd4 31. Qf4+ Ke8 32. Rc7 Qf6 33. Qh6
0-1

[Event "Torredembarra op"]
[Site "Torredembarra"]
[Date "2014.07.07"]
[Round "3"]
[White "Alarcon Casellas, R."]
[Black "Pogorelov, R."]
[Result "1-0"]
[WhiteElo "2378"]
[BlackElo "2350"]
[PlyCount "113"]
[EventDate "2014.07.05"]
[EventType "swiss"]
[EventRounds "9"]
[EventCountry "ESP"]
[Source "Chessbase"]
[SourceDate "2014.07.18"]

1. d4 e6 2. e4 d5 3. Nd2 c5 4. exd5 Qxd5 5. Ngf3 cxd4 6. Bc4 Qc5 7. O-O Nf6 8.
Qe2 Nc6 9. Nb3 Qb6 10. a4 a6 11. a5 Qc7 12. Nbxd4 Nxd4 13. Nxd4 Bd6 14. Nf3 Bd7
15. h3 Rc8 16. b3 O-O 17. Bb2 Bc6 18. Ne5 Bd5 19. Bd3 Nd7 20. Nxd7 Qxd7 21. c4
Bc6 22. Rad1 Qe7 23. Be4 Bxe4 24. Qxe4 f5 25. Qe2 Bb4 26. Rd3 Rcd8 27. Rfd1
Bxa5 28. Bxg7 Rxd3 29. Rxd3 Kxg7 30. Qe5+ Qf6 31. Qxa5 Re8 32. Qc7+ Re7 33.
Rg3+ Kf7 34. Qb8 Qh6 35. Qg8+ Kf6 36. f4 Rd7 37. Rg5 Rd1+ 38. Kh2 Rd7 39. c5
Re7 40. b4 Rd7 41. Qe8 Re7 42. Qh8+ Kf7 43. Qg8+ Kf6 44. g3 Rd7 45. h4 Rd2+ 46.
Kh3 Rd7 47. Qe8 Re7 48. Qh8+ Kf7 49. Qg8+ Kf6 50. h5 Rd7 51. Qe8 Re7 52. Qh8+
Kf7 53. Qg8+ Kf6 54. Kh4 Rf7 55. Qd8+ Re7 56. Qh8+ Kf7 57. Rg6 1-0

[Event "Torredembarra op"]
[Site "Torredembarra"]
[Date "2014.07.07"]
[Round "3"]
[White "Farran Martos, FX."]
[Black "Viñas Racionero, JC."]
[Result "1-0"]
[WhiteElo "2314"]
[BlackElo "2010"]
[PlyCount "61"]
[EventDate "2014.07.05"]
[EventType "swiss"]
[EventRounds "9"]
[EventCountry "ESP"]
[Source "Chessbase"]
[SourceDate "2014.07.18"]

1. e4 c5 2. Nf3 d6 3. d4 cxd4 4. Nxd4 Nf6 5. Nc3 g6 6. Be3 Bg7 7. Bc4 O-O 8. f3
Nc6 9. Bb3 Bd7 10. h4 h5 11. Qd2 Rc8 12. O-O-O Nxd4 13. Bxd4 b5 14. g4 a5 15.
gxh5 a4 16. Bxf7+ Kxf7 17. hxg6+ Ke8 18. Nd5 Rc4 19. h5 Nxe4 20. Qe3 Rxd4 21.
Rxd4 Ng3 22. Re4 Nxe4 23. fxe4 a3 24. bxa3 e6 25. h6 Bxh6 26. Qxh6 exd5 27. g7
Rg8 28. Qg6+ Ke7 29. exd5 Qa5 30. Qg5+ Ke8 31. Qe3+ 1-0

[Event "Torredembarra op"]
[Site "Torredembarra"]
[Date "2014.07.07"]
[Round "3"]
[White "Monell Camarasa, D."]
[Black "Burg, T."]
[Result "0-1"]
[WhiteElo "2254"]
[BlackElo "2508"]
[PlyCount "78"]
[EventDate "2014.07.05"]
[EventType "swiss"]
[EventRounds "9"]
[EventCountry "ESP"]
[Source "Chessbase"]
[SourceDate "2014.07.18"]

1. d4 d5 2. c4 c6 3. Nc3 Nf6 4. Nf3 e6 5. e3 Nbd7 6. Qc2 Bd6 7. Be2 O-O 8. O-O
Qe7 9. Rd1 b6 10. e4 Nxe4 11. Nxe4 dxe4 12. Qxe4 Bb7 13. Bd3 f5 14. Qe2 c5 15.
Bc2 Rad8 16. b3 e5 17. dxe5 Nxe5 18. Nxe5 Bxe5 19. Bf4 Rde8 20. Re1 Be4 21.
Bxe5 Qxe5 22. Bxe4 fxe4 23. Rad1 Rd8 24. Rxd8 Rxd8 25. g3 Rd4 26. Qg4 Qe8 27.
Qf5 h6 28. Re3 Qf7 29. Qxf7+ Kxf7 30. f3 Kf6 31. fxe4 Ke5 32. Kf2 Rd2+ 33. Kf3
Rxh2 34. Rd3 Rxa2 35. Rd7 Ra3 36. Re7+ Kf6 37. Rc7 Rxb3+ 38. Kf4 g5+ 39. Kg4 a5
0-1

[Event "Torredembarra op"]
[Site "Torredembarra"]
[Date "2014.07.07"]
[Round "3"]
[White "Perez Mitjans, O."]
[Black "Umudova, N."]
[Result "1-0"]
[WhiteElo "2414"]
[BlackElo "2210"]
[PlyCount "61"]
[EventDate "2014.07.05"]
[EventType "swiss"]
[EventRounds "9"]
[EventCountry "ESP"]
[Source "Chessbase"]
[SourceDate "2014.07.18"]

1. e4 c5 2. Nf3 d6 3. d4 cxd4 4. Qxd4 a6 5. Bg5 Nc6 6. Qd2 Nf6 7. Nc3 b5 8.
O-O-O b4 9. Bxf6 gxf6 10. Nd5 e6 11. Nxb4 Bb7 12. Nxc6 Bxc6 13. Qe3 Rb8 14. Bc4
Rb4 15. Bd5 Bd7 16. a3 Rb6 17. Bb3 a5 18. a4 h5 19. Kb1 Qb8 20. Qc3 Ke7 21.
Qxa5 Bg7 22. Rd4 Rc8 23. Rhd1 Be8 24. Qd2 e5 25. Rd3 Bxa4 26. Bxa4 Rxb2+ 27.
Ka1 Bh6 28. Qa5 Rc5 29. Qxc5 dxc5 30. Rd7+ Ke6 31. R1d6+ 1-0

[Event "Torredembarra op"]
[Site "Torredembarra"]
[Date "2014.07.07"]
[Round "3"]
[White "Sanchez Bernardino, MA."]
[Black "Gonzalez Rodriguez, JA."]
[Result "0-1"]
[WhiteElo "2043"]
[BlackElo "2385"]
[PlyCount "56"]
[EventDate "2014.07.05"]
[EventType "swiss"]
[EventRounds "9"]
[EventCountry "ESP"]
[Source "Chessbase"]
[SourceDate "2014.07.18"]

1. e4 e6 2. d4 d5 3. e5 c5 4. c3 Nc6 5. Nf3 Qb6 6. a3 c4 7. Nbd2 Na5 8. Be2 Bd7
9. O-O h6 10. Ne1 O-O-O 11. Bh5 f5 12. Be2 g5 13. b4 cxb3 14. Bb2 Ba4 15. c4
dxc4 16. Nxc4 Nxc4 17. Bxc4 Ne7 18. Rc1 Kb8 19. Rc3 Nd5 20. Rd3 Rh7 21. Nf3 Rc7
22. Nd2 Rdc8 23. Bxd5 exd5 24. Re1 Rc2 25. Qb1 Qb5 26. Ree3 f4 27. Rxb3 fxe3
28. Rxb5 exd2 0-1

[Event "Torredembarra op"]
[Site "Torredembarra"]
[Date "2014.07.08"]
[Round "4"]
[White "Alarcon Casellas, R."]
[Black "Monell Camarasa, D."]
[Result "1/2-1/2"]
[WhiteElo "2378"]
[BlackElo "2254"]
[PlyCount "183"]
[EventDate "2014.07.05"]
[EventType "swiss"]
[EventRounds "9"]
[EventCountry "ESP"]
[Source "Chessbase"]
[SourceDate "2014.07.18"]

1. e4 d5 2. exd5 Qxd5 3. Nc3 Qd8 4. d4 Nf6 5. h3 c6 6. Nf3 Bf5 7. g4 Bg6 8. Ne5
Nbd7 9. Qe2 Nxe5 10. dxe5 Nd5 11. Bg2 Nxc3 12. bxc3 Qa5 13. O-O e6 14. Rb1 Bc5
15. Rxb7 O-O 16. Rb3 Rab8 17. Bb2 Bxc2 18. Qxc2 Qxa2 19. Rxb8 Rxb8 20. Rb1 Ba3
21. Ra1 Qxb2 22. Qxb2 Bxb2 23. Rxa7 c5 24. Rc7 Bxc3 25. Rxc5 Bd4 26. Ra5 Rb1+
27. Bf1 g5 28. Ra2 Bxe5 29. Kg2 Kg7 30. Ra5 Bf4 31. Rb5 Rc1 32. Rb2 h6 33. Ra2
Bd6 34. Bd3 Rc3 35. Bb5 Bc5 36. Ba4 Bd4 37. Rd2 Rc4 38. Bb5 Rb4 39. Bc6 Bb6 40.
Re2 Rf4 41. Bf3 Rc4 42. Re4 Bd4 43. Re2 Rb4 44. Rc2 Kf6 45. Re2 Ke7 46. Be4 Kd6
47. Bh7 Bb6 48. Rd2+ Kc6 49. Re2 Rf4 50. Be4+ Kd6 51. Bc2 f5 52. gxf5 exf5 53.
Rd2+ Bd4 54. Bxf5 Rxf5 55. Rxd4+ Ke5 56. Ra4 Rf4 57. Ra6 Rf6 58. Ra5+ Kf4 59.
Ra8 Kf5 60. Rg8 Ra6 61. Rg7 Ra3 62. Rg8 Ra4 63. Rb8 h5 64. Rb6 h4 65. Rb3 Kf4
66. Rf3+ Ke5 67. Rf8 Rf4 68. Ra8 Rb4 69. Ra6 Rb3 70. Ra4 Kf5 71. Rc4 Ra3 72.
Rc8 Rb3 73. Re8 Kf4 74. Rf8+ Ke4 75. Rf7 Ra3 76. Rb7 Kf4 77. Rb5 Rc3 78. Ra5
Rb3 79. Ra2 Rc3 80. Re2 Ra3 81. Rb2 Rc3 82. Rb4+ Kf5 83. Kh2 Ra3 84. Rc4 Rb3
85. Kg2 Ra3 86. Rc8 Kf4 87. Rf8+ Ke4 88. Rf7 Rb3 89. Re7+ Kf4 90. Rf7+ Ke4 91.
Re7+ Kf4 92. Rf7+ 1/2-1/2

[Event "Torredembarra op"]
[Site "Torredembarra"]
[Date "2014.07.08"]
[Round "4"]
[White "Burg, T."]
[Black "Farran Martos, FX."]
[Result "1-0"]
[WhiteElo "2508"]
[BlackElo "2314"]
[PlyCount "91"]
[EventDate "2014.07.05"]
[EventType "swiss"]
[EventRounds "9"]
[EventCountry "ESP"]
[Source "Chessbase"]
[SourceDate "2014.07.18"]

1. e4 c5 2. Nf3 Nc6 3. Bb5 d6 4. O-O g6 5. Re1 Bg7 6. Bxc6+ bxc6 7. e5 Bg4 8.
h3 Bxf3 9. Qxf3 Bxe5 10. Qxc6+ Kf8 11. c3 Rc8 12. Qa4 Qb6 13. Na3 Qc6 14. Qd1
Bf6 15. Rb1 Kg7 16. b4 e6 17. bxc5 dxc5 18. Nb5 Qd7 19. Qa4 Ne7 20. Qxa7 Qd3
21. Ba3 Nc6 22. Qa4 Ne5 23. Na7 Rc7 24. Qa5 Rd7 25. Bxc5 Rd5 26. Qb4 Nf3+ 27.
gxf3 Rg5+ 28. Qg4 Rxg4+ 29. fxg4 Qxh3 30. Rb4 h5 31. g5 Bxg5 32. Bd4+ Bf6 33.
Bxf6+ Kxf6 34. Rf4+ Kg5 35. Re3 Kxf4 36. Rxh3 Ra8 37. Rh4+ Kf3 38. Nb5 Ke2 39.
a4 Kxd2 40. Rb4 e5 41. c4 f5 42. c5 Rc8 43. Rc4 e4 44. c6 f4 45. Rd4+ Kc1 46.
c7 1-0

[Event "Torredembarra op"]
[Site "Torredembarra"]
[Date "2014.07.08"]
[Round "4"]
[White "Elizondo Market, JM."]
[Black "Lasinskas, P."]
[Result "0-1"]
[WhiteElo "1837"]
[BlackElo "2212"]
[PlyCount "62"]
[EventDate "2014.07.05"]
[EventType "swiss"]
[EventRounds "9"]
[EventCountry "ESP"]
[Source "Chessbase"]
[SourceDate "2014.07.18"]

1. e4 e5 2. Nf3 Nc6 3. d4 exd4 4. Nxd4 Bc5 5. Nb3 Bb6 6. Nc3 d6 7. Qe2 Nge7 8.
Be3 O-O 9. O-O-O f5 10. f3 fxe4 11. fxe4 Ne5 12. h3 Be6 13. Nd5 Bxd5 14. exd5
Nf5 15. Bf4 Ng6 16. Qe6+ Kh8 17. Bd2 Ng3 18. Bd3 Nxh1 19. Rxh1 Ne5 20. h4 Nxd3+
21. cxd3 Qf6 22. Qg4 Qf5 23. Qc4 c6 24. dxc6 Rac8 25. Nd4 Qg4 26. Bc3 Rf4 27.
Re1 Bxd4 28. cxb7 Be3+ 29. Rxe3 Rf1+ 30. Re1 Rxe1+ 31. Bxe1 Rxc4+ 0-1

[Event "Torredembarra op"]
[Site "Torredembarra"]
[Date "2014.07.08"]
[Round "4"]
[White "Gonzalez Rodriguez, JA."]
[Black "Perez Mitjans, O."]
[Result "0-1"]
[WhiteElo "2385"]
[BlackElo "2414"]
[PlyCount "96"]
[EventDate "2014.07.05"]
[EventType "swiss"]
[EventRounds "9"]
[EventCountry "ESP"]
[Source "Chessbase"]
[SourceDate "2014.07.18"]

1. b3 e5 2. Bb2 Nc6 3. e3 Nf6 4. c4 Be7 5. a3 O-O 6. Qc2 d6 7. d3 Ne8 8. Nc3 f5
9. Nd5 Bg5 10. Nh3 Bh6 11. f4 Nf6 12. Be2 Ng4 13. O-O Ne7 14. Qd2 Ng6 15. d4 c6
16. Nc3 Qe7 17. g3 Bd7 18. Bf3 Nf6 19. d5 c5 20. Nf2 e4 21. Be2 Nh8 22. b4 b6
23. bxc5 bxc5 24. Rab1 g5 25. fxg5 Bxg5 26. Nh3 Bh6 27. Nf4 Ng6 28. Ba1 Ne5 29.
Rb7 Nfg4 30. h3 Nf6 31. Kh2 Rf7 32. Qb2 Nd3 33. Qb1 Bxf4 34. exf4 Qf8 35. Bxd3
exd3 36. Qxd3 Re8 37. Rb2 Rfe7 38. Re2 Rxe2+ 39. Nxe2 Qe7 40. Ng1 Kf7 41. Qc3
Nh5 42. Qf3 Kg6 43. g4 Nf6 44. Qc3 fxg4 45. f5+ Kf7 46. hxg4 Nxg4+ 47. Kg3 Rg8
48. f6 Qe4 0-1